|
|
|
|
| LEADER |
00000cam a2200000 a 4500 |
| 001 |
84212 |
| 003 |
Ucuenca |
| 005 |
20230524062828.0 |
| 008 |
000000|1978 cu |||||r|||||||||||spa|| |
| 040 |
|
|
|b spa
|
| 041 |
0 |
|
|a es
|
| 082 |
0 |
|
|a 304.6
|
| 100 |
1 |
|
|a Hernández Castellón, Raúl
|9 46949
|
| 245 |
|
3 |
|a La población
|c Raúl Hernández Castellón y Pedro Valdés Suárez
|h imp
|
| 264 |
|
|
|a La Habana
|b Ciencias Sociales
|c 1978
|
| 300 |
|
|
|a 66 páginas:
|c 18 cm
|
| 650 |
|
0 |
|a Demografía
|9 7203
|
| 650 |
|
0 |
|a Crecimiento demografico
|9 40743
|
| 650 |
|
0 |
|a Población
|9 2537
|
| 650 |
|
0 |
|a Desarrollo económico
|9 4373
|
| 700 |
1 |
|
|9 46948
|a Valdés Suárez, Pedro
|
| 852 |
|
|
|a UC-CDJBV
|f Compra
|l 1
|m General
|p 00000000
|r 2
|t 84212
|b 0
|d CDRC
|e CDRC
|g 304.6 PRIMER PISO
|z 0000-00-00
|
| 942 |
|
|
|c BK
|2 ddc
|r luz.vázquez@ucuenca.edu.ec
|
| 999 |
|
|
|c 25345
|d 25345
|